[Event "Saint Louis Rapid 2022"]
[Site "Saint Louis"]
[Date "2022.08.28"]
[Round "7R"]
[White "Vachier-Lagrave, Maxime"]
[Black "Caruana, Fabiano"]
[Result "1-0"]
[WhiteElo "2757"]
[BlackElo "2776"]
[EventDate "2022.08.26"]

1. e4 e5 2. Nf3 Nc6 3. Bb5 Nf6 4. O-O Nxe4 5. d4 Nd6 6. Bxc6 dxc6 7. dxe5
Nf5 8. Qxd8+ Kxd8 9. Nc3 Ke8 10. h3 h5 11. Bf4 Be7 12. Rad1 Nh4 13. Nxh4
Bxh4 14. Ne2 g5 15. Bg3 Bxg3 16. Nxg3 Ke7 17. f4 gxf4 18. Rxf4 Be6 19. Nf5+
Bxf5 20. Rxf5 Rag8 21. Kh2 Rh7 22. Rd2 h4 23. Rf4 Ke6 24. Rdd4 Rhg7 25. Rf2
Rh7 26. a4 c5 27. Rf6+ Kxe5 28. Rdf4 Rd8 29. R4f5+ Ke4 30. Rxc5 c6 31. Rf2
Ke3 32. Rcf5 Rd1 33. R5f3+ Ke4 34. Re2+ Kd5 35. Re7 Rc1 36. Rf2 b5 37. axb5
cxb5 38. Rxa7 Rg7 39. c3 Rb1 40. Rd7+ 1-0

[Event "Saint Louis Rapid 2022"]
[Site "Saint Louis"]
[Date "2022.08.28"]
[Round "7R"]
[White "Aronian, Levon"]
[Black "Dominguez Perez, Leinier"]
[Result "1/2-1/2"]
[WhiteElo "2775"]
[BlackElo "2754"]
[EventDate "2022.08.26"]

1. d4 d5 2. Nf3 Nf6 3. Bf4 e6 4. e3 c5 5. c3 Bd6 6. Bb5+ Nc6 7. Bxc6+ bxc6
8. Bxd6 Qxd6 9. Qa4 O-O 10. Qa3 Ne4 11. Nfd2 e5 12. Nxe4 dxe4 13. Qxc5 Qg6
14. Nd2 Qxg2 15. O-O-O Qxf2 16. Rde1 Rb8 17. Rhf1 Qxh2 18. Rh1 Qf2 19. Rhf1
Qh2 20. Rh1 Qf2 21. Rhf1 Qh2 1/2-1/2

[Event "Saint Louis Rapid 2022"]
[Site "Saint Louis"]
[Date "2022.08.28"]
[Round "8R"]
[White "Nepomniachtchì, Ian"]
[Black "Shankland, Sam"]
[Result "0-1"]
[WhiteElo "2792"]
[BlackElo "2720"]
[EventDate "2022.08.26"]

1. d4 Nf6 2. c4 e6 3. Nf3 d5 4. g3 Bb4+ 5. Bd2 Be7 6. Bg2 O-O 7. O-O c6 8.
Qc2 b6 9. Rd1 Bb7 10. b3 Nbd7 11. Nc3 Ba6 12. e4 dxc4 13. e5 Nd5 14. Ne4 c3
15. Bg5 h6 16. Bxe7 Qxe7 17. Nxc3 Nxc3 18. Qxc3 Rac8 19. Nd2 c5 20. Ne4
cxd4 21. Qxd4 Rfd8 22. Nd6 Rc5 23. f4 f6 24. exf6 Qxf6 25. Qa4 Ra5 26. Qc6
Nb8 27. Qc7 Rc5 28. Qxa7 Bd3 29. Nb7 Qd4+ 30. Kh1 Rc2 31. Nxd8 Rxg2 32.
Qf7+ Kh7 33. Kxg2 Qd5+ 34. Kf2 Qd4+ 35. Kg2 Qd5+ 36. Kh3 Bf5+ 37. Qxf5+
Qxf5+ 38. Kg2 Qe4+ 39. Kf2 e5 40. fxe5 Nd7 41. Re1 Qf5+ 42. Ke2 Qxe5+ 43.
Kd3 Nc5+ 44. Kc4 Qc7 45. b4 Na4+ 46. Kb5 Nc3+ 47. Ka6 Qxd8 48. a4 Nd5 49.
Rec1 Nxb4+ 50. Kb5 Nd3 51. Rd1 Qd4 52. Ka6 Nc5+ 53. Kxb6 Qb4+ 54. Kc6 Nxa4
55. Rac1 Nc3 56. Re1 Qd4 57. Ra1 Qd5+ 58. Kc7 Nb5+ 59. Kb6 Nd4 60. Rac1
Qd6+ 61. Kb7 Nb3 62. Rb1 Nc5+ 63. Ka7 Qc7+ 64. Ka8 Na4 0-1

[Event "Saint Louis Rapid 2022"]
[Site "Saint Louis"]
[Date "2022.08.28"]
[Round "8R"]
[White "Dominguez Perez, Leinier"]
[Black "Vachier-Lagrave, Maxime"]
[Result "1/2-1/2"]
[WhiteElo "2754"]
[BlackElo "2757"]
[EventDate "2022.08.26"]

1. e4 c5 2. Nf3 d6 3. d4 cxd4 4. Nxd4 Nf6 5. Nc3 a6 6. Be3 e5 7. Nb3 Be6 8.
f3 Be7 9. Qd2 O-O 10. O-O-O Nbd7 11. g4 b5 12. g5 Nh5 13. Kb1 Nb6 14. Na5
Rc8 15. Nd5 Nxd5 16. exd5 Bxd5 17. Qxd5 Qxa5 18. c4 Nf4 19. Bxf4 exf4 20.
h4 Qa4 21. Bd3 bxc4 22. Qe4 g6 23. h5 d5 24. Qxe7 cxd3 25. hxg6 Qc2+ 26.
Ka1 d2 27. a3 Qc1+ 28. Ka2 Qc4+ 29. Ka1 Qc1+ 30. Ka2 Qc4+ 31. Ka1 Qc1+
1/2-1/2

[Event "Saint Louis Rapid 2022"]
[Site "Saint Louis"]
[Date "2022.08.28"]
[Round "8R"]
[White "Caruana, Fabiano"]
[Black "Mamedyarov, Shakhriyar"]
[Result "0-1"]
[WhiteElo "2776"]
[BlackElo "2758"]
[EventDate "2022.08.26"]

1. e4 e5 2. Nf3 Nc6 3. Bc4 Bc5 4. O-O Nf6 5. d3 O-O 6. Re1 Ng4 7. Re2 Nd4
8. Nxd4 exd4 9. Bf4 d6 10. h3 Ne5 11. Bb3 a5 12. a4 Kh8 13. Nd2 Qf6 14. Bg3
g5 15. Re1 Rg8 16. Qh5 Bb4 17. Red1 Rg6 18. Rac1 Bc5 19. Bxe5 dxe5 20. Qf3
Kg7 21. Qxf6+ Kxf6 22. c3 c6 23. Rf1 g4 24. Kh2 Ke7 25. g3 Rf6 26. c4 Bb4
27. Nb1 gxh3 28. Bd1 Bd7 29. Rc2 Rh6 30. Nd2 f5 31. Nf3 fxe4 32. dxe4 d3
33. Rc1 Bg4 34. Nxe5 Be2 35. Rh1 Bd2 36. Rb1 Rf8 37. f3 Re6 38. f4 Rxf4 39.
gxf4 Bxf4+ 40. Kxh3 Rxe5 41. Kg2 Rxe4 42. Rxh7+ Kd6 43. Rxb7 Bd2 44. Bb3
Rg4+ 45. Kf2 Rf4+ 46. Kg3 Rg4+ 47. Kf2 Kc5 48. Rh1 Rf4+ 49. Kg3 Rf3+ 50.
Kg2 Rf6 51. Bd1 Rg6+ 52. Kf2 Rf6+ 53. Kg2 Re6 54. Rd7 Bb4 55. Kf2 Rf6+ 56.
Ke3 Re6+ 57. Kf4 Kxc4 58. Kf5 Re8 59. Kf6 Re3 60. Rh4+ Kc5 61. Rh1 Rf3+ 62.
Ke5 Re3+ 63. Kf4 Re8 64. Kg3 Rf8 65. Re7 Bxd1 66. Rxd1 d2 67. Re4 Kd5 68.
Rh4 c5 69. b3 Ke5 70. Kg2 Rd8 71. Kf2 Rd3 72. Ke2 Rxb3 73. Rg1 Ra3 74. Rg5+
Kf6 75. Rd5 Rg3 76. Rh6+ Ke7 77. Re5+ Kf7 78. Rf5+ Kg7 79. Rhf6 c4 80. Rf7+
Kg8 81. Rd7 c3 82. Rb5 Rg2+ 83. Ke3 c2 84. Rb8+ Bf8 85. Rdd8 d1=Q 86. Rxf8+
Kg7 87. Rg8+ Kf6 88. Rbf8+ Ke7 89. Re8+ Kd6 90. Rd8+ Kc5 91. Rc8+ Kb4 0-1

[Event "Saint Louis Rapid 2022"]
[Site "Saint Louis"]
[Date "2022.08.28"]
[Round "9R"]
[White "Mamedyarov, Shakhriyar"]
[Black "Dominguez Perez, Leinier"]
[Result "1-0"]
[WhiteElo "2758"]
[BlackElo "2754"]
[EventDate "2022.08.26"]

1. d4 d5 2. c4 dxc4 3. e4 e5 4. Nf3 Bb4+ 5. Bd2 Bxd2+ 6. Nbxd2 exd4 7. Bxc4
Nc6 8. O-O Nge7 9. Ng5 Ne5 10. Bb3 N7c6 11. f4 Bg4 12. Bxf7+ Nxf7 13. Qxg4
Nxg5 14. fxg5 Qc8 15. Qg3 Qd7 16. g6 O-O-O 17. Rf7 Qd6 18. Qxd6 Rxd6 19.
gxh7 Rxh7 20. Nf3 Nd8 21. Rf5 g6 22. Rf8 Re7 23. e5 Rd5 24. Rg8 Kd7 25.
Rxg6 Nc6 26. e6+ Rxe6 27. Rxe6 Kxe6 28. Rd1 Ne5 29. Nxd4+ Kd7 30. Re1 Nd3
31. Re4 Nxb2 32. g4 c5 33. Nf3 Nd3 34. g5 Rd6 35. h4 Re6 36. Ra4 a6 37. h5
Ke7 38. Rg4 Ne5 39. Nxe5 Rxe5 40. g6 Kf8 41. h6 Rh5 42. g7+ Kg8 43. Rg6 c4
44. Rd6 Kh7 45. Rd8 Rg5+ 46. Kf2 1-0

[Event "Saint Louis Rapid 2022"]
[Site "Saint Louis"]
[Date "2022.08.28"]
[Round "9R"]
[White "Aronian, Levon"]
[Black "Nepomniachtchì, Ian"]
[Result "1/2-1/2"]
[WhiteElo "2775"]
[BlackElo "2792"]
[EventDate "2022.08.26"]

1. d4 Nf6 2. Nf3 d5 3. Bf4 e6 4. e3 Bd6 5. Nbd2 O-O 6. Bd3 c5 7. dxc5 Bxf4
8. exf4 Qc7 9. g3 Qxc5 10. O-O b6 11. Re1 Ba6 12. Ne5 Bxd3 13. cxd3 Nbd7
14. Rc1 Qb5 15. Qc2 h6 16. a4 Qb4 17. Nc6 Qd6 18. b4 Rfc8 19. Nf3 a6 20.
Nfe5 b5 21. axb5 axb5 22. Ra1 d4 23. Rxa8 Rxa8 24. Qb2 Nxe5 25. Nxe5 Qd5
26. Ra1 Rxa1+ 27. Qxa1 Nd7 28. Nxd7 Qxd7 29. Qa8+ Kh7 30. Qe4+ Kg8 31. Qe5
f6 32. Qc5 Kh7 33. h4 Kg8 34. Kg2 Qb7+ 35. f3 Qd7 36. g4 Qd5 37. Qxd5 exd5
38. f5 Kf8 39. Kf1 Ke8 40. Ke1 Kd8 41. Kd1 Kc8 42. Ke1 Kb8 43. Kd1 Ka8 44.
Ke1 Kb8 45. Kd1 Ka8 46. Ke1 Kb8 47. Kd1 Ka8 1/2-1/2

[Event "GCT 2022 Saint Louis - Blitz"]
[Site "Saint Louis"]
[Date "30.08.2022"]
[Round "16B"]
[White "Aronian, Levon"]
[Black "Vachier Lagrave, Maxime"]
[Result "1/2-1/2"]
[WhiteElo "2775"]
[BlackElo "2757"]
[EventDate "2022.08.25"]

1. d4 Nf6 2. Bg5 d5 3. Bxf6 gxf6 4. c4 c5 5. cxd5 Qxd5 6. e3 cxd4 7. Nc3
Qa5 8. exd4 Bg7 9. Bb5+ Bd7 10. Bxd7+ Nxd7 11. Nge2 O-O 12. O-O f5 13. Ng3
Nf6 14. d5 e6 15. Qb3 Qb6 16. Qxb6 axb6 17. Rfe1 Rfe8 18. dxe6 fxe6 19.
Rad1 Bf8 20. a3 Kf7 21. Kf1 Rac8 22. Nge2 e5 23. Rc1 Bh6 24. Rcd1 Bf8 25.
Rc1 Bh6 26. Rcd1 Bf8 1/2-1/2